000 00529nam a2200205Ia 4500
005 20250923144737.0
008 008 250917s9999 xx 000 0 eng d
037 _aTextual
040 _aDSWL
_beng
_cDSWL
041 _aeng
_2eng
084 _qDSWL
100 _aZelomek, A. Willfert
_9827960
245 0 _aChanging America
_cby A.Willfert Zelomek
260 _aNew York
_bJohn Wiley & Sons
_c1955
300 _ax,182p.
365 _aUSD
_b5
925 _g5
942 _cTEXL
999 _c1442778
_d1442778